ბათუმის შოთა რუსთაველის სახელმწიფო უნივერსიტეტის ბიბლიოთეკა

ლოჯისტიკის ძირითადი კონცეფცია,თეორია,პრაქტიკა (ბიბ.ჩანაწერი № 50759)

000 -LEADER
fixed length control field 01035nam a2200253Ia 4500
001 - CONTROL NUMBER
control field 17711
003 - CONTROL NUMBER IDENTIFIER
control field GE_BSU
008 - FIXED-LENGTH DATA ELEMENTS--GENERAL INFORMATION
fixed length control field 181216s||||||||xx |||||||||||||| ||und||
020 ## - INTERNATIONAL STANDARD BOOK NUMBER
International Standard Book Number 9789941459191
040 ## - CATALOGING SOURCE
Transcribing agency GE_BSU
080 ## - UNIVERSAL DECIMAL CLASSIFICATION NUMBER
Universal Decimal Classification number 339.188+656
100 ## - MAIN ENTRY--PERSONAL NAME
Personal name თევზაძე,მავრა. ჩხარტიშვილი,ზაზა
245 ## - TITLE STATEMENT
Title ლოჯისტიკის ძირითადი კონცეფცია,თეორია,პრაქტიკა
245 ## - TITLE STATEMENT
Remainder of title დამხმ.სახ-ლო
245 ## - TITLE STATEMENT
Statement of responsibility, etc. რედ.:მურთაზ სვანიძე
260 ## - PUBLICATION, DISTRIBUTION, ETC.
Place of publication, distribution, etc. ქუთაისი
260 ## - PUBLICATION, DISTRIBUTION, ETC.
Name of publisher, distributor, etc. აკაკი წერეთლის სახ. უნ-ტი
260 ## - PUBLICATION, DISTRIBUTION, ETC.
Date of publication, distribution, etc. 2015
300 ## - PHYSICAL DESCRIPTION
Extent 344გვ.21სმ. ცხრ.
300 ## - PHYSICAL DESCRIPTION
Accompanying material ბიბლ.გვ.339
653 ## - INDEX TERM--UNCONTROLLED
Uncontrolled term დამხ.სახელმძღ.
653 ## - INDEX TERM--UNCONTROLLED
Uncontrolled term ლოჯისტიკის ძირითადი კონცეფცია,თეორია,პრაქტიკა
942 ## - ADDED ENTRY ELEMENTS (KOHA)
Koha item type წიგნი
ეგზემპლარები
Withdrawn status Lost status Damaged status Not for loan Date acquired Barcode Date last seen Price effective from Koha item type
        2018-12-17 41567 2018-12-17 2018-12-17 წიგნი
        2018-12-17 41568 2018-12-17 2018-12-17 წიგნი